LEADER 01245nam a2200289 i 4500 001 000000245240 003 CaOOAMICUS 005 20150930000000.0 008 150930s1944 it u000 u ita u 013 $a224145 040 $aSeMil$bita 100 1 $aCastiglioni, Carlo,$c.$0(OLS)http://semarc/name/9678 245 12$aI santi Arialdo ed Erlembaldo e la Pataria /$cCarlo Castiglioni. 260 $aMilano :$bPerinetti Casoni,$cstampa 1944. 300 $a294 p. ;$c17 cm. 490 0 $aI grandi santi della Chiesa 500 $aContiene : Nota Bibliografica. - Fondo card. Giovanni Colombo. 600 04$aArialdo .$0(OLS)http://semarc/subject/2592 650 4$aPataria.$0(OLS)http://semarc/subject/11335 650 4$aErlembaldo .$0(OLS)http://semarc/subject/18613 830 2$aI grandi santi della Chiesa.$0(OLS)http://semarc/title/13640 850 $aSeMil 852 $aSeMil$W1$xVenegono$y1$m3GC II 373$j195586$B195586$CSeMilBibl$Z2$F206269 $8B 941 1 $a3 961 $aLascito: Colombo Card. Giovanni 996 $6245$aI santi Arialdo ed Erlembaldo e la Pataria$9(OLS)http://semarc/title/131242 996 $6260$aMilano :$bPerinetti Casoni$9(OLS)http://semarc/publisher/31747 LEADER 01551nam a2200313 i 4500 001 000000126124 003 CaOOAMICUS 005 20251217121319.0 008 040604s2004 sz u000 u ger u 013 $a98826 020 $a3-7278-1382-2 040 $aSeMil$bita 100 1 $aWittwer, Peter.$0(OLS)http://semarc/name/52396 245 14$aDer Zurzacher Liber Ordinarius :$bund seine Beziehungen zur Marbacher Liturgie /$cPeter Wittwer. 260 $aFribourg (Schweiz) :$bAcademic Press,$c2004. 300 $a308 p. :$btabelle ;$c24 cm. 490 0 $aSpicilegium Friburgense : Texte zur Geschichte des Kirchlichen Lebens ;$v40 500 $aIn mezzo al front. : Aargauische Kantonsbibliothek Aarau, Handschrift MsBNQ 52, UM 1370. - Contiene : Testo originale latino. 650 4$aChiesa - Storia - Medioevo.$0(OLS)http://semarc/subject/3291 650 4$aLiber Ordinarius.$0(OLS)http://semarc/subject/59242 650 4$aLiturgia - Svizzera - Zurzacher.$0(OLS)http://semarc/subject/24585 830 0$aSpicilegium Friburgense ;$v40.$0(OLS)http://semarc/title/310 850 $aSeMil 852 $aSeMil$W1$xVenegono$y1$m3A VI 272$j80518$B80518$CSeMilBibl$Z2$F83602 $81 961 $aSottoscrizione: Glossa 996 $6020$a3-7278-1382-2$9(OLS)http://semarc/number/112208 996 $6245$aDer Zurzacher Liber Ordinarius :$bund seine Beziehungen zur Marbacher Liturgie$9(OLS)http://semarc/title/185850 996 $6260$aFribourg (Schweiz) :$bAcademic Press$9(OLS)http://semarc/publisher/44086